000 00415 a2200157 4500
003 OSt
005 20240111151456.0
008 240111b |||||||| |||| 00| 0 eng d
020 _a9788192315966
040 _coclc
082 _a297
_bBAQ/N
245 _aNombu supradhana fatwakal /
260 _aKerala:
_bDa'wa books,
_c2012.
300 _a48p
942 _2ddc
_cBK
_h297
_iBAQ/N
_k297
_mBAQ/N
999 _c43121
_d43121